Eastern Utah Libraries Catalog: Duchesne, Heber, Roosevelt, & Vernal

Always and forever Christmas ; (Record no. 366105)

MARC details
000 -LEADER
fixed length control field 03880cgm a2200757Ki 4500
001 - CONTROL NUMBER
control field on1264228208
003 - CONTROL NUMBER IDENTIFIER
control field OCoLC
005 - DATE AND TIME OF LATEST TRANSACTION
control field 20211013145011.0
007 - PHYSICAL DESCRIPTION FIXED FIELD--GENERAL INFORMATION
fixed length control field vd cvaizu
008 - FIXED-LENGTH DATA ELEMENTS--GENERAL INFORMATION
fixed length control field 210818s2019 cau173 j vleng d
040 ## - CATALOGING SOURCE
Original cataloging agency VYG
Language of cataloging eng
Description conventions rda
Transcribing agency VYG
Modifying agency VYG
-- OCLCO
-- WACOL
024 1# - OTHER STANDARD IDENTIFIER
Standard number or code 031398324072
028 42 - PUBLISHER NUMBER
Publisher number 58753
Source Lionsgate
035 ## - SYSTEM CONTROL NUMBER
System control number (OCoLC)1264228208
092 ## - LOCALLY ASSIGNED DEWEY CALL NUMBER (OCLC)
Classification number DVD
Item number Alw
049 ## - LOCAL HOLDINGS (OCLC)
Holding library WACL
100 1# - MAIN ENTRY--PERSONAL NAME
Personal name Stults, George,
Dates associated with a name 1975-
9 (RLIN) 6430097
245 00 - TITLE STATEMENT
Title Always and forever Christmas ;
Remainder of title Staging Christmas.
264 #1 - Production, Publication, Distribution, Manufacture, and Copyright Notice.
Place of production, publication, distribution, manufacture Santa Monica, California :
Name of producer, publisher, distributor, manufacturer Lionsgate,
Date of production, publication, distribution, manufacture, or copyr 2019.
264 #4 - Production, Publication, Distribution, Manufacture, and Copyright Notice.
Date of production, publication, distribution, manufacture, or copyr �2019
300 ## - PHYSICAL DESCRIPTION
Extent 1 videodisc (approximately 173 min.) :
Other physical details sound, color ;
Dimensions 4 3/4 in.
336 ## - Content Type
Content type term two-dimensional moving image
337 ## - Media type
Media type term video
338 ## - Carrier type
Carrier type term videodisc
344 ## -
-- digital
-- optical
-- surround
-- Dolby digital 2.0
-- rda
347 ## -
-- video file
-- DVD video
-- rda
490 0# - SERIES STATEMENT
Series statement Lifetime holiday double feature
500 ## - GENERAL NOTE
General note Cataloged from container insert.
538 ## - SYSTEM DETAILS NOTE
System details note DVD, widescreen (1.78:1) presentation; 2.0 Dolby Digital.
546 ## - LANGUAGE NOTE
Language note English SDH.
511 1# - PARTICIPANT OR PERFORMER NOTE
Participant or performer note Always and forever Christmas. Lexi Lawson, Mark Ghanime, Beth Broderick.
511 1# - PARTICIPANT OR PERFORMER NOTE
Participant or performer note Staging Christmas. Jaleel White, Soleil Moon Frye, George Stults.
508 ## - CREATION/PRODUCTION CREDITS NOTE
Creation/production credits note Always and forever Christmas. Written by Damon Hill & Blaine Chiappetta ; director by Siobhan Devine.
508 ## - CREATION/PRODUCTION CREDITS NOTE
Creation/production credits note Staging Christmas. Written by Anna White ; directed by Amy Barrett..
520 ## - SUMMARY, ETC.
Summary, etc Always and forever Christmas. Lucy learns that she's inherited Forever Christmas -- her grandpa's year-round Christmas store in the hamlet of Stowe, Vermont. She makes a trip home to support the store during the Christmas season while negotiating a national retail chain take-over. But she begins to understand why her grandpa's shop's special, & with the help of a little Christmas magic, is inspired to keep the shop going.
520 ## - SUMMARY, ETC.
Summary, etc Staging Christmas. Lori stages homes for a living and her busiest season's Christmas! Though she normally only stages homes that are for sale, she's intrigued when a wealthy widower named Elliot asks her to stage his home for the holidays to cheer up his daughter, Maddie. As Lori spends more and more time with them, she starts to feel like part of the family. Will she and Elliott fall in love in the process?
521 8# - TARGET AUDIENCE NOTE
Target audience note Not rated.
521 ## - TARGET AUDIENCE NOTE
Target audience note DVD
Source Donation
650 #0 - SUBJECT ADDED ENTRY--TOPICAL TERM
Topical term or geographic name as entry element Christmas films.
9 (RLIN) 97262
650 #7 - SUBJECT ADDED ENTRY--TOPICAL TERM
Topical term or geographic name as entry element Christmas films.
Source of heading or term fast
-- (OCoLC)fst00859822
9 (RLIN) 97262
655 #7 - INDEX TERM--GENRE/FORM
Genre/form data or focus term Christmas films.
Source of term fast
-- (OCoLC)fst01710287
9 (RLIN) 5675361
655 #7 - INDEX TERM--GENRE/FORM
Genre/form data or focus term Made-for-TV movies.
Source of term fast
-- (OCoLC)fst01710404
655 #7 - INDEX TERM--GENRE/FORM
Genre/form data or focus term Romance films.
Source of term fast
-- (OCoLC)fst01710332
9 (RLIN) 5675183
655 #7 - INDEX TERM--GENRE/FORM
Genre/form data or focus term Video recordings for the hearing impaired.
Source of term fast
-- (OCoLC)fst01710450
655 #7 - INDEX TERM--GENRE/FORM
Genre/form data or focus term Made-for-TV movies.
Source of term gsafd
9 (RLIN) 6430098
655 #7 - INDEX TERM--GENRE/FORM
Genre/form data or focus term Video recordings for the hearing impaired.
Source of term lcgft
9 (RLIN) 6430099
655 #7 - INDEX TERM--GENRE/FORM
Genre/form data or focus term Christmas films.
Source of term lcgft
9 (RLIN) 5675361
655 #7 - INDEX TERM--GENRE/FORM
Genre/form data or focus term Made-for-TV movies.
Source of term lcgft
9 (RLIN) 6430098
655 #7 - INDEX TERM--GENRE/FORM
Genre/form data or focus term Romance films.
Source of term lcgft
9 (RLIN) 5675183
700 1# - ADDED ENTRY--PERSONAL NAME
Personal name White, Jaleel,
Dates associated with a name 1976-
9 (RLIN) 37214
700 1# - ADDED ENTRY--PERSONAL NAME
Personal name Frye, Soleil Moon.
9 (RLIN) 5804468
700 1# - ADDED ENTRY--PERSONAL NAME
Personal name Lawson, Lexi.
9 (RLIN) 6430100
700 1# - ADDED ENTRY--PERSONAL NAME
Personal name Ghanim�e, Mark,
Dates associated with a name 1977-
9 (RLIN) 6430101
700 1# - ADDED ENTRY--PERSONAL NAME
Personal name Broderick, Beth.
9 (RLIN) 5807093
700 1# - ADDED ENTRY--PERSONAL NAME
Personal name Hill, Damon.
9 (RLIN) 6430102
700 1# - ADDED ENTRY--PERSONAL NAME
Personal name Chiappetta, Blaine.
9 (RLIN) 6430103
700 1# - ADDED ENTRY--PERSONAL NAME
Personal name Devine, Siobhan.
9 (RLIN) 6376217
700 1# - ADDED ENTRY--PERSONAL NAME
Personal name White, Anna.
9 (RLIN) 6412880
700 1# - ADDED ENTRY--PERSONAL NAME
Personal name Barrett, Amy.
9 (RLIN) 6430104
710 2# - ADDED ENTRY--CORPORATE NAME
Corporate name or jurisdiction name as entry element Arts and Entertainment Network.
9 (RLIN) 75776
710 2# - ADDED ENTRY--CORPORATE NAME
Corporate name or jurisdiction name as entry element Lions Gate Entertainment (Firm)
9 (RLIN) 5675069
710 2# - ADDED ENTRY--CORPORATE NAME
Corporate name or jurisdiction name as entry element Lifetime Television (Firm)
9 (RLIN) 33424
730 0# - ADDED ENTRY--UNIFORM TITLE
-- Container of (work):
Uniform title Always and forever Christmas (Motion picture)
9 (RLIN) 6430105
730 0# - ADDED ENTRY--UNIFORM TITLE
-- Container of (work):
Uniform title Staging Christmas (Motion picture)
9 (RLIN) 6430106
994 ## -
-- C0
-- WACOL
Holdings
Withdrawn status Lost status Source of classification or shelving scheme Damaged status Not for loan Collection code Home library Current library Shelving location Date acquired Source of acquisition Total Checkouts Total Renewals Full call number Barcode Date last seen Date checked out Cost, replacement price Price effective from Koha item type
    Dewey Decimal Classification     Holiday Movies Wasatch County Library Wasatch County Library Audio Visual Area 10/13/2021 Donation 3 4 DVD Alw 34301000652026 03/06/2024 12/03/2022 12.99 10/13/2021 DVD
This project was made possible through a grant from the Institute of Museum and Library Service administered by the Utah State Library Division.

Wasatch County Library

  • 465 East 1200 South, Heber City, Utah 84032
  • Phone 435-654-1511 | Fax 435-654-6456

Hours

  • Monday - Friday 9:30 AM - 8:00 PM
  • Saturday 9:30 AM - 1:30 PM
  • Closed Sundays and Holidays